Kinh nghiệm trồng quýt hồng

Zapisane w:
Opis bibliograficzny
1. autor: Nguyễn Đồng Quan
Format: Książka
Język:Undetermined
Wydane: Đồng Tháp Nxb. Đồng Tháp 1998
Hasła przedmiotowe:
Etykiety: Dodaj etykietę
Nie ma etykietki, Dołącz pierwszą etykiete!
Thư viện lưu trữ: Trung tâm Học liệu Trường Đại học Cần Thơ
LEADER 00498nam a2200169Ia 4500
001 CTU_46415
008 210402s9999 xx 000 0 und d
082 |a 634 
082 |b Qu105 
100 |a Nguyễn Đồng Quan 
245 0 |a Kinh nghiệm trồng quýt hồng 
245 0 |c Nguyễn Đồng Quan 
260 |a Đồng Tháp 
260 |b Nxb. Đồng Tháp 
260 |c 1998 
650 |a fruit trees,mandarine 
980 |a Trung tâm Học liệu Trường Đại học Cần Thơ